The dBase language handbook : (Record no. 174942)

000 -LEADER
fixed length control field 00752 a2200205 4500
003 - CONTROL NUMBER IDENTIFIER
control field NUST
005 - DATE AND TIME OF LATEST TRANSACTION
control field 20230608171644.0
010 ## - LIBRARY OF CONGRESS CONTROL NUMBER
LC control number 89042977
020 ## - INTERNATIONAL STANDARD BOOK NUMBER
International Standard Book Number 0273031554
040 ## - CATALOGING SOURCE
Transcribing agency Nust
082 00 - DEWEY DECIMAL CLASSIFICATION NUMBER
Classification number 005.7565,KAL
100 1# - MAIN ENTRY--PERSONAL NAME
Personal name Kalman, David M.
9 (RLIN) 113111
245 14 - TITLE STATEMENT
Title The dBase language handbook :
Remainder of title Quicksilver, Clipper, dBXL, dBase III, dBase III Plus, dBase IV, and FoxBase+ /
Statement of responsibility, etc. David M. Kalman.
260 ## - PUBLICATION, DISTRIBUTION, ETC.
Place of publication, distribution, etc. San Marcos, CA :
Name of publisher, distributor, etc. Microtrend Books,
Date of publication, distribution, etc. c1989.
300 ## - PHYSICAL DESCRIPTION
Extent xxix, 992 p. ;
Other physical details ill. ;
Dimensions 23 cm.
440 #4 - SERIES STATEMENT/ADDED ENTRY--TITLE
Title The Data based advisor series
9 (RLIN) 113112
505 ## - FORMATTED CONTENTS NOTE
Formatted contents note Section 1 (Page-2), Command Reference (Page-14), Function Reference (Page-596).
650 #0 - SUBJECT ADDED ENTRY--TOPICAL TERM
Topical term or geographic name entry element Database management
General subdivision Computer programs.
9 (RLIN) 98222
942 ## - ADDED ENTRY ELEMENTS (KOHA)
Koha item type Book
Source of classification or shelving scheme
Call number prefix 005.7565,KAL
Holdings
Withdrawn status Lost status Source of classification or shelving scheme Damaged status Not for loan Permanent Location Current Location Shelving location Date acquired Full call number Barcode Date last seen Price effective from Koha item type Public note
          Military College of Signals (MCS) Military College of Signals (MCS) General Stacks 12/12/2016 005.7565,KAL MCS27443 12/08/2016 12/12/2016 Book Bank Almirah No. 109, Shelf No. 2
© 2023 Central Library, National University of Sciences and Technology. All Rights Reserved.